Tour de France 2023 : Semaine 2 - Statistiques

Statistiques générales
  • Ce quiz a été pris 112 fois
  • Le résultat moyen est 15 sur 29
Statistiques - réponses
Réponse % Correct
Jonas Vingegaard
99%
Tadej Pogacar
99%
Jasper Philipsen
94%
Jumbo-Visma
82%
Neilson Powless
81%
Jai Hindley
76%
Carlos Rodriguez
74%
Mads Pedersen
74%
Michael Woods
71%
Wout Van Aert
68%
Pierre Latour
62%
Michal Kwiatkowski
55%
Pello Bilbao
54%
Mathieu Burgaudeau
47%
Matej Mohoric
45%
Mathieu Van Der Poel
43%
Giulio Ciccone
42%
Matteo Jorgenson
40%
Phil Bauhaus
40%
Dylan Groenewegen
39%
Ion Izaguirre
39%
Ineos Grenadiers
35%
Bahrain Victorious
33%
Maxim Van Gils
29%
Ben O'Connor
27%
Krists Neilands
25%
Georg Zimmermann
21%
Daniel Oss
13%
Anthony Turgis
9%
Aucun quiz correspondant
Distribution des résultats
% des personnes avec chaque résultat
Percentile par nombre de réponses
Votre historique - résultats
Vous n’avez pas pris ce quiz